A study of the Hebrew and Aramaic clauses alluding to temple defilement in Daniel / (Record no. 25257)
[ view plain ]
| 000 -LEADER | |
|---|---|
| fixed length control field | 00587nam a22001817a 4500 |
| 003 - CONTROL NUMBER IDENTIFIER | |
| control field | AUA.1 |
| 005 - DATE AND TIME OF LATEST TRANSACTION | |
| control field | 20251120155955.0 |
| 008 - FIXED-LENGTH DATA ELEMENTS--GENERAL INFORMATION | |
| fixed length control field | 251120b |||||||| |||| 00| 0 eng d |
| 040 ## - CATALOGING SOURCE | |
| Transcribing agency | JTL |
| 100 ## - MAIN ENTRY--PERSONAL NAME | |
| Personal name | Gwizo, Innocent |
| 9 (RLIN) | 27978 |
| 245 ## - TITLE STATEMENT | |
| Title | A study of the Hebrew and Aramaic clauses alluding to temple defilement in Daniel / |
| Statement of responsibility, etc | Innocent Gwizo. |
| 260 ## - PUBLICATION, DISTRIBUTION, ETC. (IMPRINT) | |
| Date of publication, distribution, etc | c2020. |
| 300 ## - PHYSICAL DESCRIPTION | |
| Extent | xiv, 345 leaves : |
| Other physical details | illustrations : |
| Dimensions | 30 cm. |
| 650 ## - SUBJECT ADDED ENTRY--TOPICAL TERM | |
| Topical term or geographic name as entry element | Temple of God |
| 9 (RLIN) | 6687 |
| 650 ## - SUBJECT ADDED ENTRY--TOPICAL TERM | |
| Topical term or geographic name as entry element | Temple of Jerusalem (Jerusalem) |
| 650 ## - SUBJECT ADDED ENTRY--TOPICAL TERM | |
| Topical term or geographic name as entry element | Sacrilege |
| 942 ## - ADDED ENTRY ELEMENTS (KOHA) | |
| Source of classification or shelving scheme | AUA Inhouse Classification |
| Koha item type | Dissertations |
| Classification part | PhD Rel |
| Item part | .G95 2020 |
| Withdrawn status | Lost status | Source of classification or shelving scheme | Damaged status | Not for loan | Collection code | Home library | Current library | Shelving location | Date acquired | Source of acquisition | Cost, normal purchase price | Serial Enumeration / chronology | Total Checkouts | Full call number | Barcode | Date last seen | Cost, replacement price | Price effective from | Koha item type |
|---|---|---|---|---|---|---|---|---|---|---|---|---|---|---|---|---|---|---|---|
| Library of Congress Classification | JTL Research Collection | Judith Thomas Library | Judith Thomas Library | Judith Thomas Library Research Section | 20/11/2025 | Donation, Dr. Innocent Gwizo | 25.00 | AUA27995 | PhD Rel .G95 2020 | AUA27995 | 20/11/2025 | 25.00 | 20/11/2025 | Dissertations |